| 000 | 00623nam a2200157 a 4500 | ||
|---|---|---|---|
| 008 | 081209s2000 ||||||||||||||||| || u | ||
| 020 | _a8120316770 | ||
| 050 | _aRC 311.8 Wor | ||
| 110 | _aWorld Health Organization (WHO) | ||
| 245 | 1 | 0 |
_aTuberculosis handbook _cwriting committee; Antonio Pio and Pierre Chaulet |
| 260 |
_aNew Delhi _bFT Prentice-Hall _c2000 |
||
| 300 | _a222p | ||
| 350 | _a0.00 | ||
| 650 | _aTUBERCULOSIS--STUDY AND TEACHING | ||
| 995 |
_D125000.00 _FCBU-MAIN LIBRARY (Kitwe) _H1 _I0.00 _M1 _UAVAILABLE _WDec 9, 2008 _ZMain Library Open Access Collection |
||
| 999 |
_c60486 _d60486 |
||